[Event "O2C Doeberl Cup 2019"]
[Site "Canberra"]
[Date "2019.04.20"]
[Round "5"]
[White "Tao, Trevor"]
[Black "Hu, Jason"]
[Result "1-0"]
[WhiteElo "2364"]
[BlackElo "2132"]
[Annotator "TA"]
[PlyCount "123"]
[EventDate "2019.04.17"]
[EventType "swiss"]
[EventCountry "AUS"]
[SourceTitle "playchess.com"]
[Source "ChessBase"]
[SourceQuality "1"]

{[%evp 17,123,-2,12,0,-7,-6,-5,0,4,0,2,-1,0,0,16,22,23,18,27,18,55,55,55,55,55,55,55,55,55,48,55,37,57,22,14,12,28,-24,0,0,39,39,39,39,39,35,35,32,39,39,39,39,39,39,44,39,39,29,55,18,55,42,42,42,125,100,110,68,56,61,90,53,49,25,99,25,25,25,25,25,33,0,8,8,8,8,8,8,7,8,29,29,96,96,96,96,1179,1078,1497,1391,29956,10556,5193,11114,29987,29988,29988,29989]} 1. e4 c6 2. Nc3 d5 3. d4 dxe4 4. Nxe4 Nd7 5. Nf3 Ngf6 6. Nxf6+ Nxf6 7. Bc4 Bf5 8. O-O e6 9. Ne5 Bd6 10. Qe2 {B17: Caro-Kann: Modern Line (4...Nd7)} O-O 11. Bf4 Nd5 $146 ({Predecessor:} 11... Qc7 12. c3 Rad8 13. Rad1 h6 14. Rfe1 Rfe8 15. h3 a5 16. Qf3 Nd5 17. Bc1 Nb6 {1-0 (55) Grover,S (2432)-Arun Prasad,S (2519) Wijk aan Zee 2010}) 12. Bg3 {The position is equal.} Bxe5 13. Bxe5 Qg5 14. c3 Rfd8 15. Bg3 h5 16. h4 Qg6 17. Rfe1 Rd7 18. a4 a6 19. a5 Rc8 20. Red1 Bg4 21. f3 Bf5 22. Kh2 Qh6 23. Bb3 Kh7 24. Re1 Nf4 25. Bxf4 Qxf4+ {[%mdl 64] [#] Double Attack} 26. g3 Qh6 27. Bc2 (27. Rad1 $142) 27... Bxc2 (27... c5 {feels hotter.} 28. Bxf5+ exf5 29. Qe5 Qd2+ 30. Re2 Qd3) 28. Qxc2+ Qg6 29. Qxg6+ Kxg6 $14 {[%mdl 4096] Endgame KRR-KRR} 30. b4 Rd5 31. Re3 Kf6 32. Rae1 g6 33. Kg2 Re8 34. Kf2 Red8 35. Re4 Rh8 36. R1e2 Rhd8 37. g4 Rh8 38. Kg3 Rhd8 39. Re5 Rxe5 40. Rxe5 {KR-KR} Rg8 (40... hxg4 $14 41. fxg4 Rh8) 41. gxh5 $16 gxh5+ 42. Kf4 Rg1 43. Rxh5 Rc1 44. Rc5 Rh1 45. h5 Rg1 {[#]} (45... Ke7 $11 {keeps the balance.}) 46. Re5 ({White should try} 46. c4 $1 $16) 46... Rc1 $11 47. Rg5 {And now Rg8 would win.} Rh1 $1 48. Rg8 {Strongly threatening Rb8.} Rxh5 49. c4 e5+ 50. Kg4 Rf5 51. dxe5+ Rxe5 52. Rb8 Re7 $1 53. Kf4 Kg6 54. Rd8 Kf6 (54... f6 $11 {remains equal.}) 55. Rd6+ $16 Re6 56. Rd7 c5 $2 {[%mdl 8192]} (56... Re1 $16) 57. b5 $18 axb5 58. cxb5 Re1 59. Rxb7 Ke6 60. a6 {[%cal Ba5a6,Ba6a7][%mdl 32]} c4 61. a7 Ra1 62. Rb6+ {Accuracy: White = 63%, Black = 43%.} 1-0

[Event "O2C Doeberl Cup 2019"]
[Site "Canberra"]
[Date "2019.04.20"]
[Round "5"]
[White "McClymont, Brodie"]
[Black "Kunte, Abhijit"]
[Result "0-1"]
[WhiteElo "2360"]
[BlackElo "2485"]
[Annotator "TA"]
[PlyCount "78"]
[EventDate "2019.04.17"]
[EventType "swiss"]
[EventCountry "AUS"]
[SourceTitle "playchess.com"]
[Source "ChessBase"]
[SourceQuality "1"]

{[%evp 14,82,50,52,56,54,60,62,54,42,42,42,43,54,42,37,43,41,45,41,59,57,71,19,20,5,11,-18,-18,-17,-26,-35,-40,-77,-79,-81,-75,-141,-158,-179,-174,-191,-125,-140,-108,-109,-131,-110,0,0,0,-241,-213,-197,-195,-410,-419,-1066,-1002,-1035,-995,-795,-435,-856,-860,-5069,-1387,-1470,-937,-29987,-29987]} 1. e4 c5 2. Nf3 e6 3. d4 cxd4 4. Nxd4 a6 5. c4 Nf6 6. Nc3 Qc7 7. a3 b6 8. Be3 Bb7 {B41: Sicilian: Kan Variation: 5 c4} 9. f3 Be7 $146 (9... d6 10. Rc1 Nbd7 11. Be2 Rc8 12. O-O Be7 13. b4 Qb8 14. Qd2 Bd8 15. Kh1 h5 16. Nb3 {1-0 (36) Karjakin,S (2753)-Smirin,I (2609) St Petersburg 2018}) ({Predecessor:} 9... d6 10. Be2 Nbd7 11. O-O Be7 12. Qd2 O-O 13. Rac1 Rac8 14. b4 Qb8 15. Na4 Rfe8 {½-½ (87) Nikolov,M (2577)-Rakotomaharo,F (2412) Cappelle-la-Grande 2019}) 10. Rc1 O-O {White is slightly better.} 11. Na4 d6 12. Be2 Nbd7 13. O-O Rac8 14. Kh1 Qb8 15. b4 Rfe8 16. Qd2 h5 17. Bf2 h4 18. h3 (18. Bxh4 Nxe4 19. Qe1 Nef6 $11) ({White should try} 18. Rfd1 $16) 18... Nh5 $11 19. Kg1 Bf6 20. Rc2 Ng3 {White should prevent ...d5.} 21. Re1 Ba8 22. Bd1 Ne5 23. Nb2 b5 24. cxb5 axb5 {[%cal Ba6b5,Bb5c4][%mdl 32]} 25. Nb3 (25. Rxc8 $142 Rxc8 26. Bc2) 25... Rxc2 $17 26. Qxc2 Rc8 27. Qd2 Nc4 ({Black should play} 27... d5 $19 {[%cal Rd5e4]} 28. exd5 Bxd5) 28. Nxc4 bxc4 29. Nd4 d5 $36 {[%mdl 2048] White is under strong pressure.} 30. exd5 Rd8 ({But not} 30... exd5 $6 31. b5 $14) (30... c3 $17 31. Qc1 (31. Qd3 Bxd5 32. Bc2 g6 $17) 31... Bxd5) 31. dxe6 $11 fxe6 {Strongly threatening ...Bxd4.} 32. Rxe6 $2 (32. Qe3 $1 $11 {and White has nothing to worry.} Rxd4 33. Qxe6+ Kh8 34. Qe8+ Qxe8 35. Rxe8+ Kh7 36. Bc2+ g6 37. Rxa8) 32... Bxd4 $1 $19 33. Bxd4 {aiming for Bc2.} Nf5 34. Qg5 $2 ({Not} 34. Rb6 $2 Qxb6 $1 {[%mdl 512]} 35. Bxb6 Rxd2 $19) (34. Qc3) 34... Nxd4 35. Re7 {[#]} (35. Re1 $142 Bd5 36. Qxh4) 35... Ne6 $1 {[%mdl 576] Discovered Attack} 36. Rxe6 Rxd1+ 37. Kf2 Bd5 38. Re7 {[#]} (38. Qe5 $142 Qxe5 39. Rxe5) 38... Bf7 $1 ({Worse is} 38... Qb6+ {[#]} 39. Ke2 $1 $15 {[%mdl 512]}) 39. Qxh4 c3 {Played: Qb8-d8} 0-1

[Event "O2C Doeberl Cup 2019"]
[Site "Canberra"]
[Date "2019.04.20"]
[Round "5"]
[White "Lane, Gary W"]
[Black "Pirotais, Jerome"]
[Result "1-0"]
[WhiteElo "2357"]
[BlackElo "2075"]
[Annotator "TA"]
[PlyCount "63"]
[EventDate "2019.04.17"]
[EventType "swiss"]
[EventCountry "AUS"]
[SourceTitle "playchess.com"]
[Source "ChessBase"]
[SourceQuality "1"]

{[%evp 21,63,48,53,18,14,0,0,0,21,0,8,0,20,0,0,0,0,0,0,0,0,-11,0,-10,-22,-20,-20,-46,-22,-11,27,26,29,-9,-8,-50,-42,-79,-43,-42,406,415,2461,2255]} 1. e4 c5 2. Nf3 g6 3. d4 cxd4 4. Nxd4 Bg7 5. c4 Nf6 6. Nc3 Nc6 {[%cal Bb8c6,Bc6d4,Bd4e6,Be6c5][%mdl 32]} 7. Be3 Ng4 8. Qxg4 Nxd4 9. Qd1 e5 10. Bd3 O-O 11. O-O d6 12. f4 {B39: Sicilian: Maroczy Bind with 5...Bg7 and 7...Ng4} (12. a4 Be6 13. a5 Qd7 14. Qa4 Qxa4 15. Rxa4 Rfc8 16. Nd5 Bxd5 17. exd5 Re8 18. Re1 f5 19. Kf1 Kf7 20. b4 {1-0 (67) Saric,I (2657)-Navara,D (2737) Batumi 2018}) 12... exf4 13. Bxf4 Ne6 $146 {Hoping for ...Qb6+.} ({Predecessor:} 13... Be6 14. Qd2 Re8 15. Bh6 Be5 16. Bg5 Qb6 17. Kh1 Rac8 18. Qf2 Qb5 19. Be3 Bxc4 20. Bxc4 Qxc4 {0-1 (27) Poletova,M (2180)-Moiseenko,V (2257) Reviakino 2017}) 14. Be3 {The position is equal.} Nc5 15. Rc1 Be6 16. b3 {[%cal Bb2b3,Bb3b4][%mdl 32]} Be5 {Threatens to win with ...Qh4.} 17. g3 Re8 18. b4 Nxd3 19. Qxd3 Rc8 20. Nd5 b6 21. a4 Qd7 22. a5 bxa5 23. bxa5 Qa4 24. Bg5 Bxd5 25. Qxd5 Qd7 26. c5 Rc6 27. Rcd1 Re6 28. Kh1 Qe8 29. Be3 dxc5 30. Bxc5 Bxg3 $2 {[%mdl 8192]} (30... Bb8 $15 31. Ba3 Bc7) 31. hxg3 $18 Re5 {[#]} (31... Rxe4 $142 32. Bxa7 Re7) 32. Qxe5 $1 {[%mdl 576] Back Rank. Accuracy: White = 27%, Black = 43%.} 1-0

[Event "O2C Doeberl Cup 2019"]
[Site "Canberra"]
[Date "2019.04.20"]
[Round "5"]
[White "Song, Raymond"]
[Black "Smirnov, Anton"]
[Result "1/2-1/2"]
[WhiteElo "2329"]
[BlackElo "2567"]
[Annotator "TA"]
[PlyCount "49"]
[EventDate "2019.04.17"]
[EventType "swiss"]
[EventCountry "AUS"]
[SourceTitle "playchess.com"]
[Source "ChessBase"]
[SourceQuality "1"]

{[%evp 13,49,15,8,10,31,41,37,69,75,59,110,110,102,101,108,101,102,97,112,56,56,58,65,49,54,66,96,90,91,101,96,102,146,8,8,8,8,5]} 1. e4 c5 2. Nf3 d6 3. d4 cxd4 4. Nxd4 Nf6 5. Nc3 a6 6. h3 e5 7. Nde2 b5 8. Ng3 {B90: Sicilian Najdorf: Unusual White 6th moves, 6 Be3 Ng4 and 6 Be3 e5} Bb7 (8... Nbd7 9. Bg5 h6 10. Be3 Bb7 11. Bd3 h5 12. Bg5 g6 13. O-O Be7 14. a3 h4 15. Nge2 Nc5 16. Bxf6 Bxf6 {1-0 (48) Dominguez Perez,L (2739)-Vachier Lagrave,M (2779) chess.com INT 2018}) 9. Bg5 Nbd7 10. Nh5 {White is slightly better.} Rc8 $146 ({Predecessor:} 10... Qa5 11. Bxf6 Nxf6 12. Nxf6+ gxf6 13. Qf3 Be7 14. Bd3 b4 15. Nd5 Bxd5 16. exd5 Qc5 17. O-O Qd4 18. a3 a5 19. axb4 Qxb4 20. b3 a4 21. bxa4 Rxa4 22. Rab1 {1-0 (22) Howell,B-Garcia Varela,J ICCF email 2017}) 11. a4 {And now Bxf6 would win.} bxa4 (11... b4 $14 12. Nd5 Qa5 13. Bxf6 (13. Ndxf6+ gxf6 14. Nxf6+ Nxf6 $15) 13... Nxf6 14. Ndxf6+ (14. Nhxf6+ gxf6 15. Bd3 f5 $14) 14... gxf6) 12. Bxf6 $16 Nxf6 13. Nxf6+ (13. Rxa4 Nxh5 14. Qxh5 Qb6 $14) 13... Qxf6 14. Rxa4 d5 15. Nxd5 (15. exd5 Qb6 $14) 15... Qg6 16. g3 ({White should try} 16. c3 $16) 16... Bc5 $14 17. Bg2 O-O 18. O-O Bxd5 19. exd5 ({Much weaker is} 19. Qxd5 $6 Qb6 $15) 19... f5 20. d6 Qxd6 21. Qxd6 Bxd6 22. Rxa6 Be7 23. Rc6 (23. Bd5+ $16 Kh8 24. Re6) 23... e4 $11 24. Rxc8 $1 Rxc8 25. c3 {Accuracy: White = 69%, Black = 45%.} 1/2-1/2

[Event "O2C Doeberl Cup 2019"]
[Site "Canberra"]
[Date "2019.04.20"]
[Round "5"]
[White "Lam, Ross"]
[Black "Puccini, Jack"]
[Result "1/2-1/2"]
[WhiteElo "2000"]
[BlackElo "2261"]
[Annotator "TA"]
[PlyCount "83"]
[EventDate "2019.04.17"]
[EventType "swiss"]
[EventCountry "AUS"]
[SourceTitle "playchess.com"]
[Source "ChessBase"]
[SourceQuality "1"]

{[%evp 14,83,44,15,50,33,33,38,39,33,54,55,50,36,47,15,29,14,12,0,0,-18,-5,-31,32,31,27,-26,23,23,35,29,39,46,24,16,10,0,34,8,37,38,60,54,49,35,113,68,85,77,85,60,58,43,50,16,19,0,74,74,77,67,98,97,278,268,321,202,197,79,89,0]} 1. d4 Nf6 2. c4 g6 3. Nc3 Bg7 4. Nf3 O-O 5. g3 d6 6. Bg2 Nc6 7. O-O a6 {[%cal Ba7a6,Ba6a5][%mdl 32]} 8. Qd3 Bd7 {E63: King's Indian: Fianchetto: Panno Variation with 7...a6} 9. d5 Nb4 10. Qd1 {a3 is the strong threat.} a5 $1 {White is slightly better.} 11. e4 Bg4 12. h3 Bxf3 13. Bxf3 Nd7 {[#]} 14. Na4 $146 ({Predecessor:} 14. Be3 c6 15. Rc1 Rc8 16. Be2 cxd5 17. exd5 {1-0 (42) Dautov,R (2603)-Fruebing,S (2373) Germany 2012}) 14... c6 15. a3 Na6 16. dxc6 bxc6 17. Be3 Rb8 18. Rb1 h5 (18... Rb7 $15) 19. Bg2 $14 Ne5 20. c5 (20. Qc2 $142) 20... Nc4 21. Bd4 {Threatens to win with Bxg7.} e5 22. Bc3 {Hoping for Qd3.} Nxc5 23. Nxc5 dxc5 24. Qe2 $36 {[%mdl 2048] White has some pressure.} Nd6 25. Rfd1 Qe7 26. a4 {[%mdl 1024] White has compensation.} Nb7 27. h4 Rfd8 28. Qa6 Qc7 29. Bh3 Rd6 (29... Bf8 $14) 30. Bf1 Rbd8 31. Rxd6 Rxd6 32. Qe2 Nd8 33. Bh3 Qb6 34. Qc2 c4 35. Bd2 Nb7 (35... Rd3 $11 {remains equal.} 36. Be3 Rxe3 37. fxe3 Qxe3+ 38. Kh2 Nb7) 36. Be3 $16 Qb4 37. Bf1 Nd8 38. Bxc4 Ne6 $2 {[#]} (38... Bf8 $16 {might work better.}) 39. Bxe6 $1 $18 Rxe6 40. Bd2 Qb6 {[#]} 41. Qc3 (41. b4 $1 $18 {is the precise move to win.}) 41... Qd4 $16 42. Re1 {Accuracy: White = 49%, Black = 37%.} ({White should play} 42. Qxa5 $16 Qxe4 43. Ra1) 1/2-1/2

[Event "O2C Doeberl Cup 2019"]
[Site "Canberra"]
[Date "2019.04.20"]
[Round "6.1"]
[White "Johansen, Darryl K"]
[Black "Melkumyan, Hrant"]
[Result "0-1"]
[WhiteElo "2364"]
[BlackElo "2658"]
[Annotator "TA"]
[PlyCount "66"]
[EventDate "2019.04.17"]
[EventType "swiss"]
[EventCountry "AUS"]
[SourceTitle "playchess.com"]
[Source "ChessBase"]
[SourceQuality "1"]

{[%evp 14,66,3,13,33,11,0,-20,-21,-13,0,0,0,0,0,0,0,-5,-10,-23,-15,-4,-16,-87,-70,-127,-124,-186,-182,-171,-165,-182,-178,-152,-151,-178,-171,-224,-230,-237,-244,-236,-231,-381,-239,-503,-479,-820,-817,-800,-728,-672,-658,-658,-658]} 1. Nf3 d5 2. c4 e6 3. g3 Nf6 4. d4 dxc4 5. Qa4+ Nbd7 6. Bg2 a6 7. Nc3 Be7 8. Ne5 c5 {E02: Open Catalan: 5 Qa4+} (8... O-O 9. Qxc4 Nxe5 10. dxe5 Nd7 11. Bf4 b5 12. Qd3 Rb8 13. Rd1 c5 14. O-O c4 15. Qd4 Nc5 16. Qxd8 Rxd8 17. Rxd8+ Bxd8 {0-1 (36) Vallejo Pons,F (2675)-Naiditsch,A (2638) Heviz 2008}) 9. dxc5 Bxc5 10. Nxd7 (10. Bf4 {feels hotter.} O-O 11. Qxc4 Qa5 12. Nd3 b5 13. Qb3) 10... Bxd7 {The position is equal.} 11. Qxc4 Rc8 {White must now prevent ...Bxf2+!} 12. Qb3 b5 13. O-O Qb6 $36 {[%mdl 2048] Black has good play.} 14. Bg5 O-O 15. Bxf6 gxf6 16. a4 $146 ({Predecessor:} 16. Ne4) 16... Rfd8 17. axb5 axb5 {[%cal Ba6b5,Bb5b4,Bb4b3][%mdl 32]} 18. Na2 (18. e3 $11) 18... b4 $1 $17 19. Nc1 ({White should play} 19. e3 $15) 19... Bb5 $1 20. Nd3 {[#]} (20. Qf3 $17) 20... Bc4 $1 $19 {[%cal Rc4b3][%mdl 512]} 21. Qd1 (21. Qxc4 Bxf2+) 21... Bd4 22. Qd2 {[#]} b3 $1 23. Rac1 Ba6 24. Rxc8 Rxc8 25. Rc1 (25. Be4 {might work better.}) 25... Rxc1+ 26. Qxc1 Bxd3 $1 27. exd3 Bxf2+ 28. Kh1 (28. Kf1 $142) 28... Bd4 {Threatens to win with ...Qa5.} 29. Bf3 $2 (29. h4) 29... Qa6 {Black is clearly winning.} 30. Be4 (30. h3 $142) 30... Qa2 31. Qh6 Qb1+ 32. Kg2 Qxb2+ 33. Kh3 f5 {Accuracy: White = 38%, Black = 77%.} 0-1

[Event "O2C Doeberl Cup 2019"]
[Site "Canberra"]
[Date "2019.04.20"]
[Round "6.2"]
[White "Smirnov, Anton"]
[Black "Sengupta, Deep"]
[Result "1/2-1/2"]
[WhiteElo "2567"]
[BlackElo "2551"]
[Annotator "TA"]
[PlyCount "79"]
[EventDate "2019.04.17"]
[EventType "swiss"]
[EventCountry "AUS"]
[SourceTitle "playchess.com"]
[Source "ChessBase"]
[SourceQuality "1"]

{[%evp 13,79,22,29,3,14,4,10,2,20,25,35,18,39,37,37,35,60,63,60,60,68,52,61,38,55,47,57,56,56,39,40,31,39,37,63,54,56,32,47,-50,-41,-57,-47,-41,-46,-162,-53,-64,-47,-50,-48,-48,-51,-51,-50,-55,-23,-31,-8,-21,-26,-20,-22,-51,-4,-6,0,-479]} 1. d4 d5 2. c4 e6 3. Nf3 c6 4. Nc3 Nf6 5. Bg5 h6 6. Bxf6 Qxf6 7. e3 g6 8. Be2 {D43: Semi-Slav: 5 Bg5 h6} Bg7 9. Ne5 (9. O-O O-O 10. Rc1 Nd7 11. cxd5 exd5 12. b4 a6 13. a4 Qd6 14. b5 axb5 15. axb5 Nb6 {½-½ (45) Wojtaszek,R (2749)-Vitiugov,N (2709) Shenzhen 2018}) 9... Nd7 10. f4 Qe7 11. O-O O-O 12. Qb3 dxc4 13. Nxc4 Rd8 14. Rad1 $146 ({Predecessor:} 14. Bf3 Nf6 15. Rfe1 Qc7 {0-1 (42) Erenberg,A (2382)-Huzman,A (2561) Caleta 2018}) 14... Nf8 15. Bf3 Qc7 16. Ne4 Bd7 17. Ne5 Be8 18. Qa3 Nh7 19. Rc1 Nf6 20. Nxf6+ Bxf6 21. Be4 (21. b4 {with more complications.} Qb6 22. Nc4 Qc7 23. Qc3 Rac8 24. Be2) 21... Be7 22. Qb3 Qb6 23. Qc2 Kg7 24. a3 a5 25. Nd3 Rac8 26. Rfd1 (26. Qc3 $14) 26... c5 $1 $15 {[%cal Rc5d4]} 27. dxc5 Bxc5 28. Nxc5 Rxc5 29. Qf2 {[#]} (29. Qe2 $15) 29... Bc6 (29... Rc4 $1 $19 30. Bf3 Rxd1+ 31. Rxd1 Ba4) 30. Bxc6 Qxc6 31. Qe1 Rxd1 32. Rxd1 {[%mdl 4096] Endgame KQR-KQR} e5 33. fxe5 Rxe5 34. Rd3 Kh7 35. h3 b6 36. Qc3 Rc5 37. Qd4 Qe6 38. Qd6 Qf5 39. Qf4 Qxd3 $4 {[%mdl 8192] [#]} (39... Qxf4 $11 40. exf4 Kg7) 40. Qxf7+ {[%mdl 32768] Accuracy: White = 50%, Black = 49%. . An unexpected result.} 1/2-1/2

[Event "O2C Doeberl Cup 2019"]
[Site "Canberra"]
[Date "2019.04.20"]
[Round "6.3"]
[White "Bjelobrk, Igor"]
[Black "Song, Raymond"]
[Result "1/2-1/2"]
[WhiteElo "2386"]
[BlackElo "2329"]
[Annotator "NA"]
[PlyCount "125"]
[EventDate "2019.04.17"]
[EventType "swiss"]
[EventCountry "AUS"]
[SourceTitle "playchess.com"]
[Source "ChessBase"]
[SourceQuality "1"]
[TimeControl "5400+30"]

1. d4 {[%emt 0:00:00]} Nf6 {[%emt 0:00:00]} 2. c4 {[%emt 0:00:00]} e6 {[%emt 0:00:00]} 3. g3 {[%emt 0:00:00]} d5 {[%emt 0:00:00]} 4. Nf3 {[%emt 0:00:00]} Bb4+ {[%emt 0:00:00]} 5. Bd2 {[%emt 0:00:00]} Be7 {[%emt 0:00:00]} 6. Bg2 {[%emt 0:00:03]} O-O {[%emt 0:00:00]} 7. O-O {[%emt 0:00:06]} Nbd7 {[%emt 0:00:00]} 8. Qc2 {[%emt 0:00:06] E11: Bogo-Indian} Ne4 {[%emt 0:00:01]} (8... c6 9. Bf4 b6 10. cxd5 cxd5 11. Rc1 Bb7 12. Bc7 Qe8 13. Qb3 Nb8 14. a4 Ne4 15. Nc3 Nxc3 16. Rxc3 Na6 17. Bf4 Bb4 18. Rc2 Qe7 19. Rac1 Rac8 20. Ne5 Rxc2 21. Qxc2 {½-½ (48) Ding,L (2812)-Karjakin,S (2753) Astana 2019}) 9. Nc3 {[%emt 0:00:30]} Nxd2 {[%emt 0:00:04]} 10. Nxd2 {[%emt 0:00:05]} c6 {[%emt 0:00:03]} 11. Rfd1 {[%emt 0:00:26]} Rb8 {[%emt 0:00:04]} 12. a4 $146 {[%emt 0:11:20]} ({Predecessor:} 12. e4 dxe4 13. Ndxe4 f5 14. Nd2 e5 15. d5 Qc7 16. a3 e4 17. b4 Nf6 18. dxc6 bxc6 {½-½ (58) Vasquez Schroder,R (2554)-Peralta,F (2559) Barcelona 2018}) 12... a5 {[%emt 0:01:41]} 13. e3 {[%emt 0:00:40]} f5 {[%emt 0:03:27]} 14. f4 {[%emt 0:02:30]} Nf6 {[%emt 0:01:03]} 15. Nf3 {[%emt 0:02:22]} Bd7 {[%emt 0:00:30]} 16. Ne5 {[%emt 0:00:43]} Bd6 {[%emt 0:07:33]} 17. Rac1 {[%emt 0:04:47]} Qe7 {[%emt 0:01:12]} 18. Rb1 {[%emt 0:08:44]} Ne4 {[%emt 0:09:02]} 19. Rdc1 {[%emt 0:01:51]} Be8 {[%emt 0:02:27]} 20. Qe2 {[%emt 0:01:13]} Kh8 {[%emt 0:00:25]} 21. Nxe4 {[%emt 0:06:42]} dxe4 {[%emt 0:00:47]} 22. c5 {[%emt 0:02:27]} Bxe5 {[%emt 0:00:14]} 23. dxe5 {[%emt 0:15:19]} g5 {[%emt 0:02:35]} 24. b4 {[%emt 0:08:52]} axb4 {[%emt 0:00:44]} 25. Rxb4 {[%emt 0:00:06]} gxf4 {[%emt 0:01:42]} 26. exf4 {[%emt 0:03:46]} Rd8 {[%emt 0:00:11]} 27. Bf1 {[%emt 0:00:24]} Rg8 {[%emt 0:02:33]} 28. Qe3 {[%emt 0:00:24]} Bh5 {[%emt 0:00:18]} 29. Rcb1 {[%emt 0:03:04]} Rd7 {[%emt 0:00:08]} 30. a5 {[%emt 0:00:58]} Bf3 {[%emt 0:01:20]} 31. a6 {[%emt 0:04:36]} bxa6 {[%emt 0:01:11]} 32. Bxa6 {[%emt 0:00:55]} Qd8 $15 {[%emt 0:15:24]} 33. Rb6 {[%emt 0:02:50]} ({Better is} 33. Be2 $15) 33... Rd1+ {[%emt 0:02:16]} 34. Bf1 {[%emt 0:01:18]} Qd2 {[%emt 0:19:02]} 35. Qxd2 {[%emt 0:00:54]} Rxd2 {[%emt 0:00:02]} 36. Rxc6 {[%emt 0:03:19]} e3 {[%emt 0:01:47]} 37. Rd6 {[%emt 0:00:05]} Rc8 {[%emt 0:09:42]} 38. Re1 {[%emt 0:01:16]} Rxc5 {[%emt 0:00:33]} 39. Rxe3 {[%emt 0:00:14]} Bd5 {[%emt 0:00:02]} 40. Re2 {[%emt 0:02:08]} Rxe2 {[%emt 0:06:45]} 41. Bxe2 {[%emt 0:00:05]} Rc2 {[%emt 0:01:02]} 42. Kf1 {[%emt 0:01:17]} Kg7 {[%emt 0:00:01]} 43. Ke1 {[%emt 0:00:16]} Rb2 {[%emt 0:00:31]} 44. h4 {[%emt 0:06:33]} Rb3 {[%emt 0:00:02]} 45. Kf2 {[%emt 0:02:49]} Rb2 {[%emt 0:00:02]} 46. Ke3 {[%emt 0:00:21]} Rb3+ {[%emt 0:00:03]} 47. Bd3 {[%emt 0:01:54]} Kf7 {[%emt 0:02:57]} 48. Kd4 {[%emt 0:00:48]} Ke7 {[%emt 0:02:00]} 49. Rxd5 {[%emt 0:01:26]} exd5 {[%emt 0:00:02]} 50. Bxf5 {[%emt 0:00:09]} Rxg3 {[%emt 0:00:02]} 51. Kxd5 {[%emt 0:00:42]} h6 {[%emt 0:00:14]} 52. h5 {[%emt 0:00:38]} Rg1 {[%emt 0:01:07]} 53. Bd3 {[%emt 0:01:00]} Rd1 {[%emt 0:00:23]} 54. Ke4 {[%emt 0:00:10]} Rh1 {[%emt 0:00:14]} 55. f5 {[%emt 0:00:34]} Rh4+ {[%emt 0:00:41]} 56. Kd5 {[%emt 0:00:12]} Rf4 {[%emt 0:00:06]} 57. Be4 {[%emt 0:00:32]} Kf7 {[%emt 0:04:17]} 58. Kd4 {[%emt 0:00:53]} Rh4 {[%emt 0:00:01]} 59. Ke3 {[%emt 0:00:22]} Rxh5 {[%emt 0:00:51]} 60. Bd5+ {[%emt 0:00:13]} Kf8 {[%emt 0:00:34]} 61. Kf4 {[%emt 0:00:18]} Rh4+ {[%emt 0:00:21]} 62. Kf3 {[%emt 0:00:14]} Rd4 {[%emt 0:00:19]} 63. Be6 {[%emt 0:01:48]} 1/2-1/2

[Event "O2C Doeberl Cup 2019"]
[Site "Canberra"]
[Date "2019.04.20"]
[Round "6.4"]
[White "Padmini, Rout"]
[Black "Tao, Trevor"]
[Result "1-0"]
[WhiteElo "2364"]
[BlackElo "2364"]
[Annotator "NA"]
[PlyCount "59"]
[EventDate "2019.04.17"]
[EventType "swiss"]
[EventCountry "AUS"]
[SourceTitle "playchess.com"]
[Source "ChessBase"]
[SourceQuality "1"]
[TimeControl "5400+30"]

{[%evp 10,53,40,33,28,41,67,52,87,51,64,61,60,80,78,54,52,60,90,79,74,32767,32767,90,68,68,105,96,95,102,115,94,133,147,145,32767,32767,32767,32767,116,153,137,162,156,256,262]} 1. e4 {[%emt 0:00:14]} c6 {[%emt 0:00:00]} 2. Nc3 {[%emt 0:00:09]} d5 {[%emt 0:00:00]} 3. Nf3 {[%emt 0:00:08]} dxe4 {[%emt 0:00:03]} 4. Nxe4 {[%emt 0:00:03]} Nf6 {[%emt 0:00:34]} 5. Qe2 {[%emt 0:00:33]} Qd5 {[%emt 0:03:25]} 6. Nxf6+ {[%emt 0:02:14] B11: Caro-Kann: Two Knights Variation} (6. Nc3 Qh5 7. Qe5 Qxe5+ 8. Nxe5 Bf5 9. Bc4 e6 10. d3 Nbd7 11. Nxd7 Nxd7 12. O-O Be7 13. a4 {0-1 (51) Harikrishna,P (2729)-Karjakin,S (2753) Kolkata 2018}) 6... gxf6 {[%emt 0:00:04]} 7. g3 {[%emt 0:01:00]} Bf5 $146 {[%emt 0:00:49]} ({Predecessor:} 7... Qe6 8. a4 a5 9. d4 Qxe2+ 10. Bxe2 Bf5 11. c3 e6 12. Nd2 Bd6 13. h4 {½-½ (40) Van Foreest,J (2621)-Arutinian,D (2555) Skopje 2019}) 8. d3 {[%emt 0:00:17]} Qd7 {[%emt 0:00:38]} 9. Bd2 {[%emt 0:02:50]} Na6 {[%emt 0:00:29]} 10. Bg2 {[%emt 0:03:39]} O-O-O {[%emt 0:01:31]} 11. O-O {[%emt 0:01:07]} Bh3 {[%emt 0:02:47]} 12. b4 {[%emt 0:02:20]} Bxg2 {[%emt 0:00:06]} 13. Kxg2 {[%emt 0:00:05]} e6 {[%emt 0:01:06]} 14. Rfb1 {[%emt 0:01:59]} Nc7 {[%emt 0:00:32]} 15. a4 {[%emt 0:00:35]} e5 {[%emt 0:02:33]} 16. b5 {[%emt 0:07:35]} Bc5 {[%emt 0:00:25]} 17. Be3 {[%emt 0:02:44]} Qd5 {[%emt 0:03:45]} 18. bxc6 {[%emt 0:14:31]} Qxc6 {[%emt 0:00:08]} 19. Bxc5 {[%emt 0:01:35]} Qxc5 {[%emt 0:00:07]} 20. Rb3 {[%emt 0:05:08]} Rd6 {[%emt 0:03:02]} 21. a5 {[%emt 0:02:06]} Rhd8 {[%emt 0:07:14]} 22. Rab1 {[%emt 0:06:46]} b6 {[%emt 0:00:06]} 23. axb6 {[%emt 0:00:46]} Rxb6 {[%emt 0:00:03]} 24. Rxb6 {[%emt 0:03:33]} axb6 {[%emt 0:00:04]} 25. Qe4 {[%emt 0:00:08]} Rd6 {[%emt 0:01:11]} 26. c4 {[%emt 0:00:58]} h6 {[%emt 0:03:06] [#]} (26... Ne6 $16) 27. Nh4 $18 {[%emt 0:03:07]} Qc6 {[%emt 0:00:13]} 28. Nf5 {[%emt 0:00:13]} Qxe4+ {[%emt 0:00:09]} 29. dxe4 {[%emt 0:00:08]} Rd7 {[%emt 0:00:24]} 30. Rxb6 {[%emt 0:00:38]} 1-0